All Disney Plus Premier Access Movies - Statistics

General Stats
  • This quiz has been taken 77 times
  • The average score is 3 of 5
Answer Stats
Year Movie % Correct
2021 Black Widow
74%
2021 Cruella
69%
2020 Mulan
57%
2021 Raya and the Last Dragon
54%
2021 Jungle Cruise
44%
No matching quizzes found
Score Distribution
Percent of People with Each Score
Percentile by Number Answered
Your Score History
You have not taken this quiz